Statystyki dla JAKICH JĘZYKÓW OBCYCH UCZYMY SIĘ W SZKOLE?

Kliknij tutaj aby rozwiązać quiz!

Ogólne statystyki

  • Ten quiz został rozwiązany 122 razy
  • Średni wynik to 6 z 6

Statystyki odpowiedzi

Odpowiedź% Poprawnych
ANGIELSKIEGO
100%
NIEMIECKIEGO
99%
FRANCUSKIEGO
95%
HISZPAŃSKIEGO
95%
ROSYJSKIEGO
94%
WŁOSKIEGO
84%

Rozkład punktacji

Percentyl według liczby udzielonych odpowiedzi

Procent ludzi z każdym wynikiem

Twoja historia wyników

Nie rozwiązałeś tego quizu